00325nam a2200133Ia 4500008004100000041000800041082001200049100001800061245002700079250001400106260002800120300003200148365001100180240624s9999 xx 000 0 und d aeng a658 OMA aO MAHONEY JOE aMANAGEMENT CONSULTANCY a(2nd ed.) c2013aNew DelhibOxford axiii, : 391 : p. : cm. ; 26 cRSb31